01928nam a2200301 u 45000010006000000050017000060080041000230200018000640350010000820350021000920410008001130820008001211000093001292450053002222600044002753000018003194900036003375200881003736500061012546500032013156500017013476500030013646500028013946500041014229420009014639990017014729520137014895902920260428111415.0960313s1986 spa  a9788475094007 a59029 a(OCoLC)778164186 aspa 4a30110aBarthes, Roland,d1915-19804aut0(isni)0000 0001 2100 96430(viaf)44295060eaut959788810aLo obvio y lo obtuso : imágenes, gestos, voces aBarcelona :bEdiciones Paidós,c1986. a380 páginas0 aPaidós : Comunicación ;v213 aRESUMEN : "En cualquier intento de expresión podemos distinguir tres niveles: el nivel de la comunicación, el del significado, que permanece siempre en un plano simbólico, en el plano de los signos, y el nivel que R. Barthes llama de la significancia. Pero en el sentido simbólico, el que permanece a nivel de signos, se puede distinguir dos facetas en cierto modo contradictorias: la primera es intencional no es ni más ni menos que lo que ha querido decir el autor, como extraída de un léxico general de los símbolos; es un sentido claro y patente que no necesita exegesis de ningún genero, es lo que esta ante los ojos, el sentido obvio. Pero hay otro sentido, el sobreañadido, el que viene a ser como una especie de suplemento que el intelecto no llega a asimilar, testarudo, huidizo, pertinaz, resbaladizo. Barthes propone llamarlo el sentido obtuso." 7aAnálisis de contenido (Comunicación)2armarc9195295 7aComunicación2embne91550 aGestos94309 0aLenguaje de señas92928 7aSemántica2embne9363 aSimbolismo en la comunicacion944207 cBOOK c16796d16796 001040708GENERALaCEDEAbCEDEAd2006-06-21iC909542l2oPN1635/B17p0607136r2024-12-12 00:00:00s2024-11-20t2w2023-04-20yBOOK